|
|
|
|
| LEADER |
00000nam0a2200000 4500 |
| 001 |
269992 |
| 005 |
20231101234315.0 |
| 035 |
|
|
|a (RuTPU)RU\TPU\book\293172
|
| 090 |
|
|
|a 269992
|
| 100 |
|
|
|a 20140923d2014 m y0rusy50 ca
|
| 101 |
0 |
|
|a rus
|
| 102 |
|
|
|a RU
|
| 105 |
|
|
|a a j 001zy
|
| 200 |
1 |
|
|a Мелиоративное обустройство территорий
|e учебное пособие
|f В. А. Базавлук
|g Национальный исследовательский Томский политехнический университет (ТПУ)
|
| 210 |
|
|
|a Томск
|c Изд-во ТПУ
|d 2014
|
| 215 |
|
|
|a 140 с.
|c ил.
|
| 320 |
|
|
|a Библиогр.: с. 136-137.
|
| 330 |
|
|
|a Пособие содержит основные положения проектирования, строительства и эксплуатации мелиоративных сооружений и работ в рамках инженерного обустройства территорий. Охватывает широкий круг мелиоративных мероприятий от конкретно направленных, например гидротехнических, до комплексных, сочетающих отдельные виды мелиорации в одном. Предназначено для студентов старших курсов, обучающихся по направлению подготовки 120700 «Землеустройство и кадастры» (квалификация (степень) «бакалавр») по профилям подготовки Городской кадастр и Землеустройство. Может быть полезно студентам, магистрам и специалистам городского и земельного кадастров в образовательной и практической деятельности, а также специалистам строительных направлений.
|
| 452 |
|
1 |
|0 (RuTPU)RU\TPU\book\297516
|t Мелиоративное обустройство территорий
|o учебное пособие
|f В. А. Базавлук
|g Национальный исследовательский Томский политехнический университет (ТПУ), Институт природных ресурсов (ИПР), Кафедра общей геологии и землеустройства (ОГЗ)
|c Томск
|n Изд-во ТПУ
|d 2014
|a Базавлук, Владимир Алексеевич
|
| 606 |
1 |
|
|a Мелиорация инженерная
|2 stltpush
|3 (RuTPU)RU\TPU\subj\42054
|9 61814
|
| 610 |
1 |
|
|a классификация
|
| 610 |
1 |
|
|a гидротехническая мелиорация
|
| 610 |
1 |
|
|a орошение
|
| 610 |
1 |
|
|a дождевание
|
| 610 |
1 |
|
|a засоленная почва
|
| 610 |
1 |
|
|a промывка
|
| 610 |
1 |
|
|a земли
|
| 610 |
1 |
|
|a осушение
|
| 610 |
1 |
|
|a химическая мелиорация
|
| 610 |
1 |
|
|a физическая мелиорация
|
| 610 |
1 |
|
|a кислая почва
|
| 610 |
1 |
|
|a известкование
|
| 610 |
1 |
|
|a щелочная почва
|
| 610 |
1 |
|
|a окисление
|
| 610 |
1 |
|
|a окислительно-восстановительные процессы
|
| 610 |
1 |
|
|a гипсование
|
| 610 |
1 |
|
|a фосфоритование
|
| 610 |
1 |
|
|a рекультивация
|
| 610 |
1 |
|
|a специальные виды
|
| 610 |
1 |
|
|a учебные пособия
|
| 610 |
1 |
|
|a труды учёных ТПУ
|
| 675 |
|
|
|a 626.86(075.8)
|v 3
|
| 700 |
|
1 |
|a Базавлук
|b В. А.
|c геолог
|c доцент Томского политехнического университета, кандидат технических наук
|f 1938-
|g Владимир Алексеевич
|2 stltpush
|3 (RuTPU)RU\TPU\pers\30648
|
| 712 |
0 |
2 |
|a Национальный исследовательский Томский политехнический университет (ТПУ)
|c (2009- )
|2 stltpush
|3 (RuTPU)RU\TPU\col\15902
|
| 801 |
|
1 |
|a RU
|b 63413507
|c 20140923
|
| 801 |
|
2 |
|a RU
|b 63413507
|c 20150219
|g RCR
|
| 900 |
|
|
|a Мелиорация земель
|
| 942 |
|
|
|c BK
|
| 954 |
|
|
|b 120700
|l 8.1
|